00668nam a22002057a 450000500170000001000150001702000260003203500140005803700090007208200060008110000230008724500630011025000070017326000360018027000350021630000200025194200200027199900190029195201520031020250522152115.0 aENG-144958 a9788195839520c150.00 aEN-128490 bDBAD aN aJetty, Anup981320 aKalki:bThe Biggest Battle is With Innersense/cAnup Jetty a 1 aPunebSrimant Publicationc2023 aAmbegaon Pather bPunee411046 a134p.c22cm(pb) 2ddccENhNmJET c211375d211375 001040708NFICaZLSbZLSd2025-05-22eDelivery of Books Act Divisiong150.00l0oN JETpEN-128490r2025-05-22 00:00:00t1v150.00w2025-05-22yEN